Hauptstädte Ozeaniens - Statistiken

Allgemein
  • Dieses Quiz wurde 485 mal gespielt
  • Das Durchschnittsergebnis liegt bei 9 aus 14
Antwortstatistiken
Land Hauptstadt % Korrekt
Australien Canberra
99%
Neuseeland Wellington
93%
Fidschi Suva
73%
Papua-Neuguinea Port Moresby
72%
Samoa Apia
62%
Tuvalu Funafuti
60%
Vanuatu Port Vila
60%
Kiribati South Tarawa
59%
Nauru Yaren
59%
Mikronesien Palikir
57%
Tonga Nukuʻalofa
55%
Salomonen Honiara
54%
Palau Ngerulmud
54%
Marshallinseln Majuro
52%
Keine übereinstimmenden Quizze gefunden
Verteilung der Resultate
Anzahl Personen mit jedem Resultat
Perzentil nach korrekt beantworteten Fragen
Ihre Resultats-Entwicklung
Sie haben dieses Quiz noch nicht gespielt